Human rights in multi-national society (Record no. 366030)

000 -LEADER
fixed length control field 00417cam a22001457a 4500
008 - FIXED-LENGTH DATA ELEMENTS--GENERAL INFORMATION
fixed length control field 180718b1968 xxu||||| |||| 00| 0 eng d
082 ## - DEWEY DECIMAL CLASSIFICATION NUMBER
Classification number C41x54 G117
100 ## - MAIN ENTRY--PERSONAL NAME
Personal name Gadgil, D.R.
245 ## - TITLE STATEMENT
Title Human rights in multi-national society
Statement of responsibility, etc. by D.R. Gadgil
260 ## - PUBLICATION, DISTRIBUTION, ETC.
Place of publication, distribution, etc. Bombay
Name of publisher, distributor, etc. Asia
Date of publication, distribution, etc. 1968
300 ## - PHYSICAL DESCRIPTION
Extent 28p.
500 ## - GENERAL NOTE
General note Rs.4.00
650 ## - SUBJECT ADDED ENTRY--TOPICAL TERM
Topical term or geographic name entry element Civil Liberties - India
700 ## - ADDED ENTRY--PERSONAL NAME
Personal name Gokhale Institute of Politics and Economics
Holdings
Withdrawn status Lost status Damaged status Not for loan Permanent Location Current Location Date acquired Full call number Barcode Date last seen Price effective from Koha item type
        Indian Institute of Public Administration Indian Institute of Public Administration 1994-04-28 C41x54 G117 42980 2018-07-21 2018-07-21 Book

Powered by Koha